Spotřebitelská poptávka signalizuje oživení Zpráva České národní banky o měnovém vývoji v roce 1992

Základné hospodárske výsledky za bývalú ČSFR v r.1992. Výkonnosť čs. ekonomiky, základné národohospodárske ukazovatele vývoja hospodárstva ČSFR podľa Správy Českej národnej banky o menovom vývoji v r.1992.

Na minha lista:
Detalhes bibliográficos
Formato: Capítulo de Livro
Idioma:tcheco
Assuntos:
Tags: Adicionar Tag
Sem tags, seja o primeiro a adicionar uma tag!

MARC

LEADER 00000naa a2200000 4500
001 r013851
005 20221205080521.1
041 0 |a cze 
044 |a CZ 
245 1 0 |a Spotřebitelská poptávka signalizuje oživení  |b Zpráva České národní banky o měnovém vývoji v roce 1992 
520 |a Základné hospodárske výsledky za bývalú ČSFR v r.1992. Výkonnosť čs. ekonomiky, základné národohospodárske ukazovatele vývoja hospodárstva ČSFR podľa Správy Českej národnej banky o menovom vývoji v r.1992. 
610 2 0 |a dopyt spotrebiteľský 
610 2 0 |a rozvoj hospodársky 
610 2 0 |a ČSFR 
610 2 0 |a 1992 
610 2 0 |a mena 
610 2 0 |a ukazovatele NH